000 01020nam a2200289Ia 4500
003 OSt
005 20221007125323.0
006 a|||||r|||| 00| 0
007 ta
008 221006b |||||||| |||| 00| 0 eng d
020 _a817808239X (pbk)
_cRs.350.00
024 _a8841
037 _bAffiliated,
_cTextual
040 _aCDL
_cCDL
_beng
041 _2eng
_aeng
082 _aE9G:f3, P0
100 _aBoyer Rodney
245 0 _aModern experimental biochemistry by Rodney Boyer
250 _aEd 3
260 _aSan
_bFrancisco Benjamin Cummings
_c2000
300 _axviii,475p
_ccm.
500 _aAppendix I-IX, 443-465p; Index 467-475p; ^n23/CSL/CARC/2001-2002/682^d2001-12-07^mPurchase; ; 2001-2002/446^b2002-02-06^cD-23017^d20012-02-01^eRs.477.00^fAffiliated East-West Press Pvt. Ltd.; ; 2002-02-21^bSB^c2002-05-30^dRPS
650 _a Laboratory manual
_9710073
650 _aBiochemistry
942 _hE9G:f3, P0
_cTEXL
_2CC
999 _c1215070
_d1215070